书目信息 |
| 题名: |
麻雀要革命
|
|
| 作者: | 郭妮 著 | |
| 分册: | II | |
| 出版信息: | 南昌 二十一世纪出版社 2006.04 |
|
| 页数: | 255页 | |
| 开本: | 24cm | |
| 丛书名: | ||
| 单 册: | ||
| 中图分类: | I247.57 | |
| 科图分类: | ||
| 主题词: | 长篇小说--中国--现代 , 长篇小说 | |
| 电子资源: | ||
| ISBN: | 7-5391-3337-6 | |
| 000 | 00763nam0 2200265 450 | |
| 001 | 1137989820 | |
| 005 | 20111212103417.00 | |
| 010 | @a7-5391-3337-6@dCNY25.00 | |
| 090 | @aI247.57@bgn | |
| 096 | @aI247.57@bgn | |
| 100 | @a20060104d2006 em y0chiy50 ea | |
| 101 | 0 | @achi |
| 102 | @aCN@b360000 | |
| 105 | @aa z 000ay | |
| 200 | 1 | @a麻雀要革命@hII@b专著@f郭妮著@Fguo ni zhu@9ma que yao ge ming |
| 210 | @a南昌@c二十一世纪出版社@d2006.04 | |
| 215 | @a255页@c彩图@d24cm | |
| 300 | @a聚星文化 | |
| 304 | @a英文共同题名:Lady's revolution | |
| 606 | 0 | @a长篇小说@y中国@z现代 |
| 606 | 0 | @a长篇小说 |
| 690 | @aI247.57@v4 | |
| 701 | 0 | @a郭妮@c(女)@4著@9guo ni |
| 801 | 0 | @aCN@b大连网信软件有限公司图书馆·11@c20111212 |
| 905 | @aZUCC@dI247.57@eG8232 | |
| 麻雀要革命.II/郭妮著.-南昌:二十一世纪出版社,2006.04 |
| 255页:彩图;24cm |
| 聚星文化 |
| ISBN 7-5391-3337-6:CNY25.00 |
| ● |
| 相关链接 |
|
|
|
正题名:麻雀要革命
索取号:I247.57/G8232
 
预约/预借
| 序号 | 登录号 | 条形码 | 馆藏地/架位号 | 状态 | 备注 |
| 1 | 827027 | 208270271 | 文学库108/108文学库 48排5列3层/ [索取号:I247.57/G8232] | 在馆 |